Social ethics and the Christian : towards freedom in communion /

שמור ב:
מידע ביבליוגרפי
מחבר ראשי: McDonagh, Enda
פורמט: ספר
שפה:English
יצא לאור: Manchester : Manchester University Press, 1979.
נושאים:
LEADER 00982nam a2200241 i 4500
001 c000234691
003 CARM
005 00000000000000.0
008 840229s1979 enk 0 eng d
019 1 |a 1587749  |z 40265945  |z 57980025  |5 LACONCORD2021 
020 |a 0719007399 
035 |a (OCoLC)5585187  |5 LACONCORD2021 
082 0 4 |a 241 
100 1 |a McDonagh, Enda. 
245 1 0 |a Social ethics and the Christian :  |b towards freedom in communion /  |c [by] Enda McDonagh. 
260 |a Manchester :  |b Manchester University Press,  |c 1979. 
300 |a [5],89p ;  |c 20cm. 
500 |a '... based upon the Ferguson Lectures delivered in the University of Manchester 1978 ...' - title page verso. 
650 0 |a Christian ethics. 
650 0 |a Social ethics. 
852 8 |b CARM  |h A2:AP15G0  |i B07440  |p 0327342  |f BK 
999 f f |i 0283a3bb-6a20-5986-8aee-8cae4d8683cb  |s 684204cb-7ea3-5c9a-9bc6-6344e07521ee 
952 f f |p Can circulate  |a CAVAL  |b CAVAL  |c CAVAL  |d CARM 1 Store  |e B07440  |f A2:AP15G0  |h Other scheme  |i book  |m 0327342